Reporting for journalists / (Record no. 1621)

000 -LEADER
fixed length control field 01463cam a2200397 a 4500
001 - CONTROL NUMBER
control field 16018257
003 - CONTROL NUMBER IDENTIFIER
control field OSt
005 - DATE AND TIME OF LATEST TRANSACTION
control field 20150416171004.0
008 - FIXED-LENGTH DATA ELEMENTS--GENERAL INFORMATION
fixed length control field 091211s2010 enka b 001 0 eng
010 ## - LIBRARY OF CONGRESS CONTROL NUMBER
LC control number 2009048987
015 ## - NATIONAL BIBLIOGRAPHY NUMBER
National bibliography number GBB030421
Source bnb
016 7# - NATIONAL BIBLIOGRAPHIC AGENCY CONTROL NUMBER
Record control number 015494079
Source Uk
020 ## - INTERNATIONAL STANDARD BOOK NUMBER
International Standard Book Number 9780415553193 (hardback)
020 ## - INTERNATIONAL STANDARD BOOK NUMBER
International Standard Book Number 0415553199 (hardback)
020 ## - INTERNATIONAL STANDARD BOOK NUMBER
International Standard Book Number 9780415553209 (pbk.)
020 ## - INTERNATIONAL STANDARD BOOK NUMBER
International Standard Book Number 0415553202 (pbk.)
020 ## - INTERNATIONAL STANDARD BOOK NUMBER
International Standard Book Number 9780203871973 (ebook)
020 ## - INTERNATIONAL STANDARD BOOK NUMBER
International Standard Book Number 0203871979 (ebook)
035 ## - SYSTEM CONTROL NUMBER
System control number (OCoLC)ocn430056995
040 ## - CATALOGING SOURCE
Original cataloging agency DLC
Transcribing agency DLC
Modifying agency YDX
-- BTCTA
-- YDXCP
-- UKM
-- BWK
-- BWX
-- CDX
-- DLC
050 00 - LIBRARY OF CONGRESS CALL NUMBER
Classification number PN4781.F74 2010
082 00 - DEWEY DECIMAL CLASSIFICATION NUMBER
Classification number 070.4/3
Edition number 22
100 1# - MAIN ENTRY--PERSONAL NAME
Personal name Frost, Chris,
Dates associated with a name 1950-
245 10 - TITLE STATEMENT
Title Reporting for journalists /
Statement of responsibility, etc by Chris Frost.
250 ## - EDITION STATEMENT
Edition statement 2nd ed.
260 ## - PUBLICATION, DISTRIBUTION, ETC. (IMPRINT)
Place of publication, distribution, etc London :
-- New York :
Name of publisher, distributor, etc Routledge,
Date of publication, distribution, etc 2010.
300 ## - PHYSICAL DESCRIPTION
Extent 208 p. :
Other physical details ill. ;
Dimensions 24 cm.
490 1# - SERIES STATEMENT
Series statement Media skills
504 ## - BIBLIOGRAPHY, ETC. NOTE
Bibliography, etc Includes bibliographical references (p. [197}-203) and index.
505 0# - FORMATTED CONTENTS NOTE
Formatted contents note Introduction -- The role of the reporter -- Finding a story -- Researching the story -- Office procedures -- On the road -- Making contact -- Getting the story -- Interviewing -- Production -- And finally.
650 #0 - SUBJECT ADDED ENTRY--TOPICAL TERM
Topical term or geographic name as entry element Reporters and reporting.
830 #0 - SERIES ADDED ENTRY--UNIFORM TITLE
Uniform title Media skills.
906 ## - LOCAL DATA ELEMENT F, LDF (RLIN)
a 7
b cbc
c orignew
d 1
e ecip
f 20
g y-gencatlg
942 ## - ADDED ENTRY ELEMENTS (KOHA)
Source of classification or shelving scheme
Koha item type Book
Holdings
Withdrawn status Lost status Source of classification or shelving scheme Damaged status Not for loan Home library Current library Shelving location Date acquired Total Checkouts Full call number Barcode Date last seen Date checked out Copy number Price effective from Koha item type
          Riara University Library Riara University Library General stack 16/04/2015 4 PN4781.F74 2010 5595/15 23/05/2018 17/05/2018 C.1 16/04/2015 Book
          Riara University Library Riara University Library General stack 16/04/2015 2 PN4781.F74 2010 5596/15 31/10/2016 05/10/2016 C.2 16/04/2015 Book
          Riara University Library Riara University Library General stack 16/04/2015 2 PN4781.F74 2010 5597/15 07/12/2017 22/11/2017 C.3 16/04/2015 Book

Riara University Library,
P.O. Box 49940-00100,
Nairobi, Kenya.